00387nam a22001097a 4500020001800000082001400018100002500032245010300057260003200160300001400192650007100206 a9783319669984 a629.8 TZA aTzafestas, Spyros G. aEnergy, information, feedback, and self-organization: the fundamental elements of life and society aSwitzerlandbSpringerc2018 axxi,668 P aIntelligent System, Control and Automation:Science and Engineering